000 00628nam a22001697a 4500
005 20251108172732.0
008 250721s2003 xx 000 0 ara d
082 1 4 _a956.441/غني
100 1 _aغنيم، خالد إسماعيل
_eمؤلف
245 1 0 _aتل الصافي بلدة الروعة و الجمال /
264 1 _aعمان :
_bمطبعة الشدفان،
_c2003.
300 _a124ص.
500 _aكتاب مركز الحسين الذي يحمل رقم باركود PLD00082323 له رقم متسلسل هو 2594 لكنه مكرر.
650 1 7 _aتاريخ فلسطين
942 _2ddc
_cBK
999 _c87173
_d87173